[Event "Catalunya-chT Gp1"]
[Site "Barcelona"]
[Date "2022.01.29"]
[Round "2.10"]
[White "Sanchez Lopez, Jesus"]
[Black "Moles Fuentes, Jesus"]
[Result "1-0"]
[WhiteElo "1957"]
[BlackElo "1980"]
[PlyCount "91"]
[EventDate "2022.01.22"]
[EventType "team-tourn"]
[EventRounds "9"]
[EventCountry "ESP"]
[SourceTitle "CBM 206 Extra"]
[Source "ChessBase"]
[SourceDate "2022.03.31"]
[SourceVersion "1"]
[SourceVersionDate "2022.03.31"]
[SourceQuality "1"]
[WhiteTeam "Barcelona Escacs CC"]
[BlackTeam "Gerunda"]
[WhiteTeamCountry "ESP"]
[BlackTeamCountry "ESP"]

1. c4 e6 2. e4 d5 3. cxd5 exd5 4. exd5 Nf6 5. Nc3 Nxd5 6. Bc4 Be6 7. Qb3 Nf4 8. Bxe6 Nxe6 9. Qxb7 Nd7 10. Nf3 Bc5 11. 0-0 0-0 12. d4 Nxd4 13. Rd1 Rb8 14. Qd5 c6 15. Qh5 Nxf3+ 16. Qxf3 Ne5 17. Qg3 Qe7 18. Ne4 Bb6 19. Bf4 f6 20. Nd6 Rbd8 21. Nf5 Qc7 22. Rxd8 Rxd8 23. Nh6+ Kh8 24. Ng4 Qd7 25. h3 Nd3 26. Rd1 Nxf4 27. Rxd7 Ne2+ 28. Kh2 Nxg3 29. Rxd8+ Bxd8 30. Kxg3 Bb6 31. f3 h5 32. Nxf6 h4+ 33. Kg4 gxf6 34. Kxh4 Kg7 35. Kh5 Be3 36. h4 c5 37. b3 a5 38. Kg4 Kg6 39. h5+ Kh6 40. Kf5 Kxh5 41. Kxf6 Kh4 42. Ke5 Kg3 43. Ke4 Bd4 44. Kd5 Kxg2 45. f4 Kf3 46. f5 1-0

[Event "L'Estartit Baix Ter U2200"]
[Site "L'Estartit"]
[Date "2018.09.02"]
[Round "6.6"]
[White "Moles Fuentes, Jesus"]
[Black "Diaz Comas, Jordi"]
[Result "1/2-1/2"]
[WhiteElo "1991"]
[BlackElo "1851"]
[PlyCount "21"]
[EventDate "2018.09.01"]
[EventType "swiss"]
[EventRounds "6"]
[EventCountry "ESP"]
[SourceTitle "EXT 2024"]
[Source "ChessBase"]
[SourceDate "2023.10.10"]
[SourceVersion "1"]
[SourceVersionDate "2023.10.10"]
[SourceQuality "1"]

1. c4 e5 2. g3 Nc6 3. Bg2 Bc5 4. Nc3 a6 5. e3 Nf6 6. Nge2 h6 7. 0-0 0-0 8. d4 exd4 9. exd4 Ba7 10. Bf4 d6 11. Rc1 1/2-1/2

[Event "L'Estartit Baix Ter U2200"]
[Site "L'Estartit"]
[Date "2018.09.01"]
[Round "2.2"]
[White "Benet Catala, Antonio"]
[Black "Moles Fuentes, Jesus"]
[Result "1-0"]
[WhiteElo "2145"]
[BlackElo "1991"]
[PlyCount "82"]
[EventDate "2018.09.01"]
[EventType "swiss"]
[EventRounds "6"]
[EventCountry "ESP"]
[SourceTitle "EXT 2024"]
[Source "ChessBase"]
[SourceDate "2023.10.10"]
[SourceVersion "1"]
[SourceVersionDate "2023.10.10"]
[SourceQuality "1"]

1. Nf3 f5 2. b3 Nf6 3. Bb2 e6 4. c4 d5 5. e3 Bd6 6. Qc2 0-0 7. d3 c6 8. Nbd2 Qe8 9. Ne5 Nbd7 10. Ndf3 Ng4 11. Nxd7 Bxd7 12. h3 Nf6 13. Ne5 Bb4+ 14. Bc3 c5 15. Be2 Bc6 16. 0-0 Nd7 17. Nxc6 Bxc3 18. Qxc3 bxc6 19. f4 e5 20. Bf3 e4 21. dxe4 fxe4 22. Bg4 Qe7 23. cxd5 cxd5 24. Bxd7 Qxd7 25. Qxc5 Rac8 26. Qd4 Rc6 27. Rfd1 Rd8 28. Rd2 Rg6 29. Kh2 Qe7 30. g3 Rh6 31. Kg2 Rg6 32. Rg1 Qh4 33. Kh2 Qh5 34. g4 Qh4 35. Qe5 Rh6 36. Rg3 Rhd6 37. g5 d4 38. Rxd4 Rxd4 39. exd4 Qh5 40. Qxe4 Qd1 41. Qe6+ Kf8 1-0

[Event "Gerunda op 3rd"]
[Site "Gerunda"]
[Date "2018.04.20"]
[Round "3"]
[White "Guso Llorca, Jordi"]
[Black "Moles Fuentes, Jesus"]
[Result "1/2-1/2"]
[WhiteElo "2163"]
[BlackElo "1991"]
[PlyCount "65"]
[EventDate "2018.04.06"]
[EventType "swiss"]
[EventRounds "9"]
[EventCountry "ESP"]
[SourceTitle "CBM 184 Extra"]
[Source "ChessBase"]
[SourceDate "2018.06.28"]
[SourceVersion "1"]
[SourceVersionDate "2018.06.28"]
[SourceQuality "1"]

1. d4 f5 2. Nf3 Nf6 3. g3 e6 4. Bg2 d5 5. 0-0 Bd6 6. c4 c6 7. b3 Qe7 8. Bb2 0-0 9. Nbd2 Nbd7 10. Qc2 e5 11. dxe5 Nxe5 12. cxd5 Nxd5 13. Nxe5 Bxe5 14. Bxe5 Qxe5 15. Nc4 Qe6 16. Rad1 f4 17. Qd2 fxg3 18. hxg3 Nf6 19. e3 Qg4 20. Ne5 Qh5 21. Qd4 Be6 22. Bf3 Qf5 23. Qd6 Rae8 24. Bg2 Bxb3 25. axb3 Qxe5 26. Qb4 Ne4 27. Rd4 Nc5 28. Qa5 Nxb3 29. Qa2 Qe6 30. Re4 Qf7 31. Rf4 Qe6 32. Re4 Qf7 33. Rf4 1/2-1/2

[Event "Catalunya-chT Gp2"]
[Site "Barcelona"]
[Date "2018.01.20"]
[Round "1.9"]
[White "Fernandez Lozano, Francesco"]
[Black "Moles Fuentes, Jesus"]
[Result "1/2-1/2"]
[WhiteElo "1967"]
[BlackElo "1991"]
[PlyCount "81"]
[EventDate "2018.01.20"]
[EventType "team-tourn"]
[EventRounds "7"]
[EventCountry "ESP"]
[SourceTitle "CBM 182 Extra"]
[Source "ChessBase"]
[SourceDate "2018.02.23"]
[SourceVersion "1"]
[SourceVersionDate "2018.02.23"]
[SourceQuality "1"]
[WhiteTeam "Mollet"]
[BlackTeam "Gerunda"]
[WhiteTeamCountry "ESP"]
[BlackTeamCountry "ESP"]

1. d4 e6 2. Nf3 f5 3. e3 Nf6 4. Be2 Be7 5. c4 d5 6. Qc2 0-0 7. Nbd2 c6 8. b3 Ne4 9. Ne5 Nd7 10. Nxd7 Bxd7 11. g3 Be8 12. f3 Nxd2 13. Bxd2 a5 14. 0-0 b6 15. a3 c5 16. Bc3 Rc8 17. Qb2 Bf6 18. Rfd1 Qc7 19. Rac1 Bf7 20. f4 Rfd8 21. a4 g6 22. h4 Be8 23. Kf2 Qg7 24. Rd2 Bc6 25. dxc5 Bxc3 26. Qxc3 Qxc3 27. Rxc3 bxc5 28. cxd5 Bxd5 29. Rcd3 c4 30. bxc4 Rxc4 31. Rd4 Rxd4 32. Rxd4 Rc8 33. Rd2 Bb3 34. Bb5 Rc1 35. Rd8+ Kg7 36. Ra8 Rc2+ 37. Kf1 Rc1+ 38. Kf2 Rc2+ 39. Kf1 Rc1+ 40. Ke2 Rc2+ 41. Kf1 1/2-1/2

[Event "Sant Gregori Ajuntament op-A 1st"]
[Site "Sant Gregori"]
[Date "2016.07.??"]
[Round "2.8"]
[White "Moles Fuentes, Jesus"]
[Black "Turon Crosa, Isaac"]
[Result "0-1"]
[WhiteElo "2090"]
[BlackElo "1820"]
[PlyCount "42"]
[EventDate "2016.07.04"]
[EventType "tourn"]
[EventRounds "7"]
[EventCountry "ESP"]
[SourceTitle "EXT 2024"]
[Source "ChessBase"]
[SourceDate "2023.10.10"]
[SourceVersion "1"]
[SourceVersionDate "2023.10.10"]
[SourceQuality "1"]

1. c4 Nf6 2. Nc3 e5 3. g3 Nc6 4. Bg2 Bc5 5. Nf3 e4 6. Ng5 Bxf2+ 7. Kf1 Bb6 8. Ngxe4 d6 9. d3 Nxe4 10. Nxe4 0-0 11. Ke1 Bg4 12. Nf2 Bh5 13. Bxc6 bxc6 14. d4 Re8 15. g4 Bxg4 16. Nxg4 Qh4+ 17. Nf2 Bxd4 18. Rf1 Re7 19. Bg5 Bxf2+ 20. Rxf2 Qxg5 21. Qd2 Qg1+ 0-1

[Event "Pont Major Gerunda op 1st"]
[Site "Pont Major"]
[Date "2016.05.06"]
[Round "5"]
[White "Moles Fuentes, Jesus"]
[Black "Ramirez Garcia, Lluis"]
[Result "1/2-1/2"]
[WhiteElo "2007"]
[BlackElo "1792"]
[PlyCount "29"]
[EventDate "2016.04.08"]
[EventType "swiss"]
[EventRounds "9"]
[EventCountry "ESP"]
[SourceTitle "EXT 2017"]
[Source "ChessBase"]
[SourceDate "2016.10.25"]
[SourceVersion "1"]
[SourceVersionDate "2016.10.25"]
[SourceQuality "1"]

1. c4 Nf6 2. g3 c5 3. Bg2 Nc6 4. Nc3 g6 5. d3 Bg7 6. e3 d6 7. Nge2 Bd7 8. 0-0 0-0 9. h3 Qc8 10. Kh2 Nd8 11. Nd5 Nxd5 12. cxd5 Bf5 13. e4 e5 14. dxe6 Qxe6 15. Bd2 1/2-1/2

[Event "Pont Major Gerunda op 1st"]
[Site "Pont Major"]
[Date "2016.04.29"]
[Round "4"]
[White "Ferrer Blanc, Francesc"]
[Black "Moles Fuentes, Jesus"]
[Result "1/2-1/2"]
[WhiteElo "1644"]
[BlackElo "2007"]
[PlyCount "60"]
[EventDate "2016.04.08"]
[EventType "swiss"]
[EventRounds "9"]
[EventCountry "ESP"]
[SourceTitle "EXT 2017"]
[Source "ChessBase"]
[SourceDate "2016.10.25"]
[SourceVersion "1"]
[SourceVersionDate "2016.10.25"]
[SourceQuality "1"]

1. e4 c5 2. Nc3 d6 3. Nf3 Nf6 4. h3 a6 5. d4 cxd4 6. Nxd4 e6 7. Bc4 Qc7 8. Bb3 Nbd7 9. 0-0 Nc5 10. a3 e5 11. Nf3 Nxb3 12. cxb3 Be6 13. b4 Be7 14. Bg5 0-0 15. Rc1 Qd8 16. Bxf6 Bxf6 17. Nd5 Rc8 18. Nxf6+ gxf6 19. Rc3 Rxc3 20. bxc3 Qc7 21. Qd2 Kh8 22. Qh6 Qe7 23. Nh4 Rc8 24. Rc1 Rc4 25. f3 b5 26. g4 Qd8 27. Kh2 Rc8 28. Nf5 Bxf5 29. gxf5 Qe7 30. Rg1 Rg8 1/2-1/2

[Event "Santa Eugenia op 9th"]
[Site "Santa Eugenia"]
[Date "2014.05.09"]
[Round "3"]
[White "Moles Fuentes, Jesus"]
[Black "Vidal Zamora, Alex"]
[Result "0-1"]
[WhiteElo "2105"]
[BlackElo "2339"]
[PlyCount "73"]
[EventDate "2014.04.25"]
[EventType "swiss"]
[EventRounds "9"]
[EventCountry "ESP"]
[SourceTitle "EXT 2015"]
[Source "ChessBase"]
[SourceDate "2014.11.20"]
[SourceVersion "1"]
[SourceVersionDate "2014.11.20"]
[SourceQuality "1"]

1. c4 e6 2. e4 b6 3. Nc3 Bb7 4. g3 Nf6 5. Bg2 Bb4 6. Nge2 0-0 7. 0-0 e5 8. d3 Re8 9. Bg5 h6 10. Bxf6 Qxf6 11. Nd5 Bxd5 12. cxd5 c6 13. a3 Bd6 14. b4 a5 15. Qb3 Na6 16. b5 Nc5 17. Qc4 cxb5 18. Qxb5 a4 19. Nc1 Reb8 20. d4 Ra5 21. Qb2 Nb3 22. Nxb3 Rb5 23. Qe2 Rxb3 24. f4 exd4 25. e5 Qe7 26. Qa6 Bc5 27. Qxa4 Rb2 28. Qa7 Qe8 29. Bh3 Rd8 30. Rab1 Ra2 31. Ra1 Rb2 32. Rab1 Ra8 33. Qxd7 Qxd7 34. Bxd7 Rxb1 35. Rxb1 Rxa3 36. Kh1 Kf8 37. Kg2 0-1

[Event "Catalunya Vilanova Salt 35th"]
[Site "Salt"]
[Date "2009.05.15"]
[Round "4.8"]
[White "Vazquez Montreal, Enric"]
[Black "Moles Fuentes, Jesus"]
[Result "1-0"]
[WhiteElo "1691"]
[BlackElo "2012"]
[PlyCount "70"]
[EventDate "2009.04.17"]
[EventType "swiss"]
[EventRounds "9"]
[EventCountry "ESP"]
[SourceTitle "EXT 2024"]
[Source "ChessBase"]
[SourceDate "2023.10.10"]
[SourceVersion "1"]
[SourceVersionDate "2023.10.10"]
[SourceQuality "1"]

1. Nf3 d5 2. g3 e6 3. Bg2 f5 4. d3 Nf6 5. 0-0 Be7 6. Re1 0-0 7. Nbd2 c6 8. e3 Nbd7 9. Qe2 Nc5 10. Nf1 a5 11. h4 Qb6 12. N1h2 Bd6 13. Nd2 Kh8 14. e4 fxe4 15. dxe4 Ncxe4 16. Bxe4 Nxe4 17. Nxe4 dxe4 18. Kg2 e5 19. b3 Bb4 20. Rf1 Bc3 21. Ba3 Bb4 22. Bb2 Be6 23. c4 Rad8 24. Rad1 Rxd1 25. Rxd1 Bc5 26. Rf1 Bd4 27. Bc1 a4 28. f4 exf3+ 29. Nxf3 axb3 30. axb3 Re8 31. Nxd4 exd4 32. Qxe6 Qd8 33. Qf7 d3 34. Bb2 Rg8 35. h5 h6 1-0

[Event "Banyoles op 7th"]
[Site "Banyoles"]
[Date "2004.08.18"]
[Round "3"]
[White "Moles Fuentes, Jesus"]
[Black "Zeller, Olivier"]
[Result "1-0"]
[WhiteElo "2142"]
[BlackElo "2056"]
[PlyCount "147"]
[EventDate "2004.08.16"]
[EventType "swiss"]
[EventRounds "9"]
[EventCountry "ESP"]
[SourceTitle "EXT 2005"]
[Source "ChessBase"]
[SourceDate "2004.11.15"]
[SourceVersion "1"]
[SourceVersionDate "2004.11.15"]
[SourceQuality "1"]

1. c4 e5 2. Nc3 Nf6 3. g3 Bb4 4. Bg2 0-0 5. Nd5 Be7 6. d3 Nc6 7. Nf3 Re8 8. 0-0 e4 9. dxe4 Nxe4 10. b3 Bf6 11. Rb1 d6 12. Bb2 Bf5 13. Bxf6 Nxf6 14. Rc1 a5 15. Re1 Be4 16. Nc3 Nb4 17. Nxe4 Nxe4 18. Nd2 Nc5 19. a3 Nba6 20. Nf1 Qf6 21. Qc2 c6 22. Ne3 Re7 23. Red1 Rae8 24. Nf5 Re6 25. Rd4 g6 26. Nh6+ Kg7 27. Rf4 Qg5 28. Nxf7 Qe7 29. Qc3+ Rf6 30. Ng5 Ne6 31. Nxe6+ Qxe6 32. Rxf6 Qxf6 33. Qxf6+ Kxf6 34. e3 Nc5 35. b4 axb4 36. axb4 Nd3 37. Rb1 Ne5 38. b5 Ra8 39. bxc6 bxc6 40. Bf1 Ra4 41. Rc1 Ra2 42. h3 Nf3+ 43. Kg2 Rc2 44. Rd1 Rd2 45. Be2 Rxd1 46. Bxd1 Ne5 47. Bb3 g5 48. g4 Nd3 49. Kg3 h6 50. f4 Nc5 51. Bc2 Nd7 52. h4 Nc5 53. fxg5+ hxg5 54. h5 Nd7 55. Bd3 Nc5 56. Be2 Nd7 57. Kf3 Ne5+ 58. Ke4 Nf7 59. Kd4 Nh6 60. c5 d5 61. e4 dxe4 62. Kxe4 Nf7 63. Kd4 Nh6 64. Bf3 Ke6 65. Bxc6 Nxg4 66. Bd5+ Ke7 67. Bg2 Nf6 68. h6 Kf8 69. c6 Ne8 70. Kc5 Kg8 71. Be4 g4 72. Kd4 g3 73. Ke3 g2 74. Kf2 1-0

[Event "Banyoles op 6th"]
[Site "Banyoles"]
[Date "2003.08.08"]
[Round "7"]
[White "Fluvia Frigola, Joan"]
[Black "Moles Fuentes, Jesus"]
[Result "1/2-1/2"]
[WhiteElo "2178"]
[BlackElo "100"]
[PlyCount "54"]
[EventDate "2003.08.??"]
[EventType "swiss"]
[EventRounds "9"]
[EventCountry "ESP"]
[SourceTitle "EXT 2005"]
[Source "ChessBase"]
[SourceDate "2004.11.15"]
[SourceVersion "1"]
[SourceVersionDate "2004.11.15"]
[SourceQuality "1"]

1. e4 c5 2. Nf3 e6 3. d4 cxd4 4. Nxd4 Nf6 5. Nc3 d6 6. g4 Be7 7. g5 Nfd7 8. f4 0-0 9. h4 Nb6 10. Bd3 f5 11. exf5 exf5 12. Qf3 d5 13. Be3 Bb4 14. 0-0 Nc6 15. Nce2 Bc5 16. c3 Bd7 17. Nxf5 Bxf5 18. Bxc5 Bxd3 19. Qxd3 Rf7 20. Rad1 Qd7 21. Qg3 Qf5 22. Nd4 Nxd4 23. Bxd4 Nc4 24. Qg2 Nd6 25. Be5 Nc4 26. Bd4 Nd6 27. Be5 Nc4 1/2-1/2

[Event "Banyoles op 6th"]
[Site "Banyoles"]
[Date "2003.08.06"]
[Round "5"]
[White "Lommers, Frank"]
[Black "Moles Fuentes, Jesus"]
[Result "1-0"]
[WhiteElo "2217"]
[BlackElo "100"]
[PlyCount "57"]
[EventDate "2003.08.??"]
[EventType "swiss"]
[EventRounds "9"]
[EventCountry "ESP"]
[SourceTitle "EXT 2005"]
[Source "ChessBase"]
[SourceDate "2004.11.15"]
[SourceVersion "1"]
[SourceVersionDate "2004.11.15"]
[SourceQuality "1"]

1. e4 c5 2. Nc3 Nc6 3. Nge2 d6 4. d4 cxd4 5. Nxd4 e6 6. f4 Nf6 7. Be3 Be7 8. Qf3 Bd7 9. g4 0-0 10. g5 Ne8 11. 0-0-0 Qa5 12. Nb3 Qd8 13. h4 Rc8 14. Bd3 Nb4 15. h5 Nxd3+ 16. Rxd3 f6 17. gxf6 Bxf6 18. Qg3 Qc7 19. Rhd1 Bb5 20. R3d2 Bxc3 21. bxc3 Qxc3 22. Qg1 e5 23. fxe5 dxe5 24. h6 Bd3 25. hxg7 Rf7 26. Bc5 b6 27. Rxd3 Qc4 28. Rd8 Rxg7 29. Qf2 1-0